000 00839nam a2200253Ia 4500
003 OSt
005 20200922124728.0
008 191128s1998 ck gr 000 0 spa d
022 _a0121-8735
040 _aCO-JMCR
_cCO-JMCR
041 1 _aspa
082 0 4 _a507.2 /
_bP259i
_223
100 1 _aParra, Marina,
_eautor
_910633
245 1 3 _aLa investigación científica y sus etapas /
_cMarina Parra
250 _aPrimera edición
260 _aBogotá :
_bUniversidad Autónoma de Colombia,
_c1998.
300 _a30 páginas ;
_c24 cm.
490 0 _aColección Ensayos
504 _aIncluye bibliografía
505 0 _aLa investigación científica y el método científico -- Etapas de la investigación científica
650 2 4 _aInvestigación científica
_91145
650 2 4 _aMetodología científica
_91144
942 _2ddc
_cBK
999 _c4902
_d4902